| 000 | 00599nam a22001937a 4500 | ||
|---|---|---|---|
| 005 | 20160721153807.0 | ||
| 010 | _aENG-115487 | ||
| 020 |
_a9788123778174 _c145.00 |
||
| 035 | _aEN-99019 | ||
| 037 | _bDBAD/PUB | ||
| 082 | _a920 | ||
| 100 | _aPunjala Alekhya | ||
| 245 |
_aRani Rudrama Devi / _b _cby Alekhya Punjala |
||
| 260 |
_aNew Delhi _bNational Book Trust _c2016 |
||
| 270 |
_aNehru Bhawan 5 Institutional Area, Phase-II Vasant Kunj _bNew Delhi _e110070 |
||
| 300 |
_aix,110p. _c19cm(pbk) |
||
| 500 | _aIncludes bibliographical references | ||
| 942 |
_2ddc _cEN _h920 _mALE |
||
| 999 |
_c101392 _d101392 |
||